000 00573nam a2200205Ia 4500
005 20250508165605.0
008 008 250505s9999 xx 000 0 eng d
037 _aPeriodicals
040 _aFEDL
_beng
_cFEDL
041 _aeng
_2eng
084 _a001.913, FAI
_qFEDL
100 _aFAIRLEY JOHN
_9781288
245 0 _aWORLD OF STRANGE POWERS
260 _aLondon, UK
_bWilliam Collins Son and Company Ltd.
_c1984
300 _a248
365 _aUSD
_b995
700 _a WELFARE SIMON
_9781289
942 _cCR
_h001.913, FAI
999 _c1396059
_d1396059